Welcome to CU Library Online Public Access Catalogue (OPAC)

Public & community health nursing practice : (Record no. 7996)

MARC details
000 -LEADER
fixed length control field 00977cam a22002414a 4500
001 - CONTROL NUMBER
control field 13288326
005 - DATE AND TIME OF LATEST TRANSACTION
control field 20251103144236.0
008 - FIXED-LENGTH DATA ELEMENTS--GENERAL INFORMATION
fixed length control field 030724s2004 caua b 001 0 eng
020 ## - INTERNATIONAL STANDARD BOOK NUMBER
International Standard Book Number 0761924833
Qualifying information cloth
020 ## - INTERNATIONAL STANDARD BOOK NUMBER
International Standard Book Number 9780761924838
Qualifying information (cloth)
050 00 - LIBRARY OF CONGRESS CALL NUMBER
Classification number RT97
Item number .P67 2004
082 00 - DEWEY DECIMAL CLASSIFICATION NUMBER
Classification number 610.73/4
Edition information 22
100 1# - MAIN ENTRY--PERSONAL NAME
Personal name Porche, Demetrius James.
245 10 - TITLE STATEMENT
Title Public & community health nursing practice :
Remainder of title a population-based approach /
Statement of responsibility, etc. Demetrius James Porche.
260 ## - PUBLICATION, DISTRIBUTION, ETC.
Place of publication, distribution, etc. Thousand Oaks :
Name of publisher, distributor, etc. Sage Publications,
Date of publication, distribution, etc. c2004.
300 ## - PHYSICAL DESCRIPTION
Extent xix, 503 p. :
Other physical details ill. ;
Dimensions 26 cm.
650 #0 - SUBJECT ADDED ENTRY--TOPICAL TERM
Topical term or geographic name entry element Public health nursing.
650 #0 - SUBJECT ADDED ENTRY--TOPICAL TERM
Topical term or geographic name entry element Community health nursing.
856 41 - ELECTRONIC LOCATION AND ACCESS
Materials specified Table of contents only
Uniform Resource Identifier <a href="http://www.loc.gov/catdir/toc/ecip047/2003016654.html">http://www.loc.gov/catdir/toc/ecip047/2003016654.html</a>
856 42 - ELECTRONIC LOCATION AND ACCESS
Materials specified Publisher description
Uniform Resource Identifier <a href="http://www.loc.gov/catdir/enhancements/fy0658/2003016654-d.html">http://www.loc.gov/catdir/enhancements/fy0658/2003016654-d.html</a>
856 42 - ELECTRONIC LOCATION AND ACCESS
Materials specified Contributor biographical information
Uniform Resource Identifier <a href="http://www.loc.gov/catdir/enhancements/fy0734/2003016654-b.html">http://www.loc.gov/catdir/enhancements/fy0734/2003016654-b.html</a>
942 ## - ADDED ENTRY ELEMENTS (KOHA)
Source of classification or shelving scheme Library of Congress Classification
Koha item type Books
Suppress in OPAC No
999 ## -
-- 7996
-- 7996
Holdings
Withdrawn status Lost status Source of classification or shelving scheme Damaged status Not for loan Collection Home library Current library Shelving location Date acquired Total checkouts Full call number Barcode Date last seen Copy number Price effective from Koha item type
    Library of Congress Classification     Non-fiction Science Library (Miotso) Science Library (Miotso) General stacks 11/03/2025   RT97 .P67 POR SLM00005152 11/03/2025 1 11/03/2025 Books
    Library of Congress Classification     Non-fiction Science Library (Miotso) Science Library (Miotso) General stacks 11/03/2025   RT97 .P67 POR SLM00005153 11/03/2025 2 11/03/2025 Books
© 2023-2024 Copyright: Central University Libraries. All Rights Reserved | Created by: Mahone Tech Office